Droit civil

Saved in:
Bibliographic Details
Main Author: Morandière, Léon Julliot de la
Format: Book
Language:Undetermined
Published: Paris Dalloz 1959
Subjects:
Tags: Add Tag
No Tags, Be the first to tag this record!
Institutions: Trung tâm Học liệu Trường Đại học Cần Thơ
LEADER 00528nam a2200193Ia 4500
001 CTU_205067
008 210402s9999 xx 000 0 und d
082 |a 346.44 
082 |b M829/T.4 
100 |a Morandière, Léon Julliot de la 
245 0 |a Droit civil 
245 0 |c Léon Julliot de la Morandière 
260 |a Paris 
260 |b Dalloz 
260 |c 1959 
650 |a Civil law,Luật dân sự 
650 |z France,Pháp 
904 |i Hải 
980 |a Trung tâm Học liệu Trường Đại học Cần Thơ